000 00368nam a2200145Ia 4500
008 230711s9999||||xx |||||||||||||| ||und||
041 _aENG
082 _a658
_bIN-M
100 _aInstitute of Civil Engineers
245 0 _aManagement of new technology
250 _a1st
260 _c1988
_aNew York
_bThomas Telford
650 _aUNIVESITY BUSNIESS SCHOOL
942 _cBK
999 _c398
_d398